000 00731cam a22002172 4500
001 0000024253
005 20151217145947.0
008 130621s xx 000 0 eng d
020 _a8170005469 :
040 _aKABU
_cKABU
100 1 _aSrivastava, Pushplata.
_@0000184243
245 1 0 _aCopyright in academic libraries in digital environment /
_cPushplata Srivastava.
250 _a1st ed.
260 _aNew Delhi :
_bEss Ess,
_c2008.
300 _a159 p.
650 0 _aCopyright
_xElectronic resources
_zIndia.
_@0000184244
650 0 _aAcademic libraries
_xElectronic information resources.
_zIndia.
_@0000184245
852 1 _9p1100 KES
908 _a130621
950 _@1
999 _c4505
_d4505